Пьесы советских писателей. Т. 8: [За тех, кто в море! (Запись № 8530086)
[ простой вид ]
| 000 -МАРКЕР | |
|---|---|
| контрольное поле | 02184nam2a22003491 4500 |
| 001 - ИДЕНТИФИКАТОР ЗАПИСИ | |
| контрольное поле | rc\4124750 |
| 005 - ИДЕНТИФИКАТОР ВЕРСИИ | |
| контрольное поле | 20250611001915.0 |
| 021 ## - НОМЕР ГОСУДАРСТВЕННОЙ РЕГИСТРАЦИИ | |
| Код страны | Российская Федерация |
| Номер | [55-30513] |
| 035 ## - ДРУГИЕ СИСТЕМНЫЕ НОМЕРА | |
| Идентификатор записи | (NLR Aleph) 007982766 |
| 100 ## - ДАННЫЕ ОБЩЕЙ ОБРАБОТКИ | |
| Данные общей обработки | 20130415d1955 |||y0rusy50 ca |
| 101 0# - ЯЗЫК РЕСУРСА | |
| Язык текста, звукозаписи и т.д. | русский |
| 102 ## - СТРАНА ПУБЛИКАЦИИ ИЛИ ПРОИЗВОДСТВА | |
| Страна публикации | Российская Федерация |
| 105 ## - ПОЛЕ КОДИРОВАННЫХ ДАННЫХ: ТЕКСТОВЫЕ МАТЕРИАЛЫ, МОНОГРАФИЧЕСКИЕ | |
| Кодированные данные о монографическом текстовом документе | y z ||||| |
| 200 1# - ЗАГЛАВИЕ И СВЕДЕНИЯ ОБ ОТВЕТСТВЕННОСТИ | |
| Основное заглавие | [За тех, кто в море! |
| 210 ## - ПУБЛИКАЦИЯ, РАСПРОСТРАНЕНИЕ И ДР. | |
| Дата издания, распространения и т.д. | 1955 |
| Место издания, распространения и т.д. | Б. м. |
| 215 ## - ФИЗИЧЕСКАЯ ХАРАКТЕРИСТИКА | |
| Специфическое обозначение материала и объем | 596 с. |
| 423 #0 - ИЗДАЕТСЯ В ОДНОЙ ОБЛОЖКЕ ВМЕСТЕ С ... | |
| Встроенное поле | 1010#$arus |
| -- | 2001#$aЖизнь в Цитадели |
| -- | 700#1$aЯкобсон$bА. |
| Заглавие | Жизнь в Цитадели |
| Автор | Якобсон, А. |
| 423 #0 - ИЗДАЕТСЯ В ОДНОЙ ОБЛОЖКЕ ВМЕСТЕ С ... | |
| Встроенное поле | 1010#$arus |
| -- | 2001#$aРусский вопрос |
| -- | 700#1$aСимонов$bК. |
| Заглавие | Русский вопрос |
| Автор | Симонов, К. |
| 423 #0 - ИЗДАЕТСЯ В ОДНОЙ ОБЛОЖКЕ ВМЕСТЕ С ... | |
| Встроенное поле | 1010#$arus |
| -- | 2001#$aВ одном городе] |
| -- | 700#1$aСофронов$bА. |
| Заглавие | В одном городе] |
| Автор | Софронов, А. |
| 423 #0 - ИЗДАЕТСЯ В ОДНОЙ ОБЛОЖКЕ ВМЕСТЕ С ... | |
| Встроенное поле | 1010#$arus |
| -- | 2001#$aВеликая сила |
| -- | 700#1$aРомашов$bБ. |
| Заглавие | Великая сила |
| Автор | Ромашов, Б. |
| 423 #0 - ИЗДАЕТСЯ В ОДНОЙ ОБЛОЖКЕ ВМЕСТЕ С ... | |
| Встроенное поле | 1010#$arus |
| -- | 2001#$aСтарые друзья |
| -- | 700#1$aМалюгин$bЛ. |
| Заглавие | Старые друзья |
| Автор | Малюгин, Л. |
| 423 #0 - ИЗДАЕТСЯ В ОДНОЙ ОБЛОЖКЕ ВМЕСТЕ С ... | |
| Встроенное поле | 1010#$arus |
| -- | 2001#$aДвенадцать месяцев |
| -- | 700#1$aМаршак$bС. Я.$f1887-1964$gСамуил Яковлевич$3RU\NLR\AUTH\774792 |
| Заглавие | Двенадцать месяцев |
| Автор | Маршак, Самуил Яковлевич (1887-1964) |
| 423 #0 - ИЗДАЕТСЯ В ОДНОЙ ОБЛОЖКЕ ВМЕСТЕ С ... | |
| Встроенное поле | 1010#$arus |
| -- | 2001#$aВеликий государь |
| -- | 700#1$aСоловьев$bВ. |
| Заглавие | Великий государь |
| Автор | Соловьев, В. |
| 461 #0 - УРОВЕНЬ НАБОРА | |
| Встроенное поле | 001rc\4124740 |
| -- | 2001#$aПьесы советских писателей$f[Вступ. статья: А. Анастасьев. "Путь советской драматургии", с. V-LXXIX]. Т. 1-$vТ. 8 |
| Системный номер (АБИС) связанной записи | 8530025 |
| Место публикации | Москва |
| Дата публикации | 1953 |
| Первые сведения об ответственности | [Вступ. статья: А. Анастасьев. "Путь советской драматургии", с. V-LXXIX]. Т. 1- |
| Имя издателя, распространителя и т.д. | Искусство |
| Заглавие | Пьесы советских писателей |
| Номер тома | Т. 8 |
| 700 #1 - ИМЯ ЛИЦА - ПЕРВИЧНАЯ ОТВЕТСТВЕННОСТЬ | |
| Начальный элемент ввода | Лавренев |
| Часть имени, кроме начального элемента ввода | Б. |
| 801 #0 - ИСТОЧНИК ЗАПИСИ | |
| Страна | Российская Федерация |
| Организация | NLR |
| Правила каталогизации | psbo |
| 801 #1 - ИСТОЧНИК ЗАПИСИ | |
| Страна | Российская Федерация |
| Организация | ELAR |
| Источник данных | rusmarc |
| 852 ## - МЕСТОНАХОЖДЕНИЕ И ШИФР ХРАНЕНИЯ | |
| Идентификатор организации | NLR |
| Шифр хранения (Call Number) | Л40 Г-5/243 |
| 942 ## - ДОПОЛНИТЕЛЬНЫЕ ЭЛЕМЕНТЫ ЗАПИСИ (АБИС) | |
| Тип экземпляра АБИС | Книга |
| 980 ## - КОЛЛЕКЦИЯ | |
| Название коллекции | Национальная библиография |
| Тип экземпляра | Дата поступления | Библиотека постоянного хранения | Библиотека текущего хранения | Место хранения | Шифр хранения | Штрих-код | Статус экземпляра |
|---|---|---|---|---|---|---|---|
| Книга | 26.10.2013 | РНБ (Садовая) | РНБ (Садовая) | Русский книжный фонд -Главное здание, Ленинский читальный зал | Л40 Г-5/243 | 7982766-10 |